A Decision Support System for the home management of patients with Chronic Obstructive Pulmonary Disease (COPD) using telehealth /
Saved in:
| 主要作者: | |
|---|---|
| 格式: | Thesis 图书 |
| 语言: | English |
| 出版: |
2012.
|
| 主题: | |
| 标签: |
添加标签
没有标签, 成为第一个标记此记录!
|
| LEADER | 01133cam a2200265 a 4500 | ||
|---|---|---|---|
| 001 | u867636 | ||
| 003 | SIRSI | ||
| 005 | 201210310959 | ||
| 008 | 121031s2012 at a v 000 0 eng m | ||
| 040 | |a UMM | ||
| 090 | |a R119.95 |b Massm | ||
| 100 | 0 | |a Mas Sahidayana Mohktar. | |
| 245 | 1 | 2 | |a A Decision Support System for the home management of patients with Chronic Obstructive Pulmonary Disease (COPD) using telehealth / |c Mas Sahidayana Mohktar |
| 260 | |c 2012. | ||
| 270 | |g Mas Sahidayana binti Mokhtar. Department of Biomedical Engineering, Faculty of Engineering, University of Malaya. E-mail : mas_dayana@um.edu.my | ||
| 300 | |a [1] xix, 213 leaves : |b ill. ; |c 30 cm. | ||
| 502 | |a Thesis (Ph.D) -- Graduate School of Biomedical Engineering, University of New South Wales, 2012. | ||
| 504 | |a Bibliography: leaves 140-155 | ||
| 650 | 0 | |a Decision support systems. | |
| 650 | 0 | |a Medical telematics. | |
| 650 | 0 | |a Medical records |x Data processing. | |
| 710 | 2 | 0 | |a University of New South Wales. |
| 596 | |a 1 | ||
| 900 | |a ZA | ||
| 999 | |a R119.95 MASSM |w LC |c 1 |i A515297204 |d 20/10/2014 |f 20/10/2014 |g 1 |l STACKS |m P01UTAMA |r Y |s Y |t TESIS |u 16/10/2014 | ||
